000 00281nam a22001337a 4500
008 170519b xxu||||| |||| 00| 0 eng d
020 _a9780673523921
041 _aeng
080 _a94
100 _a16
101 _aSHH
245 _aSOCIAL FABRIC
_cCARY.J.H
942 _2udc
_cBK
999 _c13523
_d13523